[Event "SR 3. liga A2 2008/2009"]
[Site "?"]
[Date "2008.11.30"]
[Round "3.3"]
[White "Sefcik, Marek"]
[Black "Szekely, Stefan"]
[Result "1-0"]
[WhiteElo "1997"]
[BlackElo "2038"]
[PlyCount "163"]
[EventDate "2008.??.??"]

1. Nc3 d6 2. d4 Nf6 3. Bg5 c6 4. Qd2 Qa5 5. e4 Bg4 6. f3 Bd7 7. Bc4 h6 8. Be3
e6 9. Nge2 d5 10. Bb3 Be7 $11 11. O-O Nh7 12. Rad1 Qd8 13. Ng3 Na6 14. Nce2 b5
15. c3 Nc7 16. Bc2 a6 17. Nh5 Bf8 18. e5 g6 19. Nhf4 Rg8 20. Nd3 h5 21. Ndf4 h4
22. Nh3 Be7 23. Kh1 Bc8 24. Neg1 Kd7 25. f4 Qf8 26. Nf3 Qg7 27. Qe1 Bb7 28.
Nxh4 Rh8 29. Nf3 Rag8 30. Qg3 Ne8 31. b4 Nc7 32. a4 Nf8 33. a5 Ne8 34. Rde1 Kc7
$11 35. Kg1 Rh5 36. Bd1 Rhh8 37. Bd2 Bc8 38. Nfg5 Nh7 39. Rf3 Qf8 40. Qf2 Ng7
41. g4 Bd7 42. Bc2 f5 43. exf6 Nxf6 44. Qg3 Bd6 45. Nf2 Rh6 46. h3 Nh7 47. Nxh7
Rxh7 48. Qg2 Rhh8 49. Kf1 Qf6 50. g5 Qe7 51. Ng4 Nf5 52. Bxf5 gxf5 53. Ne5 Bxe5
54. dxe5 Rh4 $11 55. Qf2 Rgh8 56. Qb6+ Kc8 57. Ree3 Qh7 58. Rd3 Qh5 59. Qxa6+
Kd8 60. Qb6+ Ke7 61. Qc5+ Kf7 62. Qd6 Rd8 63. Be1 Ke8 64. Bxh4 Qxh4 65. Rde3 c5
66. Qxc5 d4 67. cxd4 Rc8 68. Qd6 Rc1+ $11 69. Kg2 Rc2+ 70. Kg1 Rc1+ 71. Rf1
Rxf1+ 72. Kxf1 Qh5 73. Qb8+ Ke7 74. Kf2 Qh4+ 75. Kg2 Qh5 76. Rf3 Qh4 77. Qd6+
Ke8 78. Rf2 Qh5 79. a6 Qd1 80. a7 Qa4 81. Qb8+ Ke7 82. a8=Q 1-0

[Event "SR 3. liga A2 2008/2009"]
[Site "?"]
[Date "2008.11.30"]
[Round "3.4"]
[White "Puobis, Jozef"]
[Black "Bilovsky, Milan"]
[Result "1/2-1/2"]
[WhiteElo "2015"]
[BlackElo "1911"]
[PlyCount "130"]
[EventDate "2008.??.??"]

1. e4 c5 2. d4 cxd4 3. Qxd4 Nc6 4. Qd3 e6 5. Nf3 Nb4 6. Qd1 Nf6 7. Nc3 a6 8. a3
Nc6 9. e5 Ng4 10. Bf4 Qb6 11. Ne4 Qxb2 12. Rb1 Qxa3 13. h3 Ngxe5 14. Nxe5 Qa5+
15. Qd2 Qxd2+ 16. Kxd2 Nxe5 17. Bxe5 d5 18. Nd6+ Bxd6 19. Bxd6 b5 20. h4 Kd7
21. Bb4 Bb7 22. Rh3 f6 23. f4 Bc6 24. Ba5 Rac8 25. h5 g5 26. fxg5 fxg5 27. h6
e5 28. Be2 Rcf8 29. Rg3 Rhg8 30. Bb6 d4 31. c3 Rg6 32. cxd4 Be4 33. Bg4+ Kc6
34. Bc5 Bxb1 35. Bxf8 exd4 36. Bf3+ Kb6 37. Rg4 a5 38. Rxd4 b4 39. Bxb4 Rxh6
40. Rd6+ Rxd6+ 41. Bxd6 Bg6 42. Be7 h6 43. Kc3 a4 44. Kb4 Be8 45. g3 Kc7 46.
Bg4 h5 47. Bh3 h4 48. g4 Bd7 49. Bxg5 Kd6 50. Bxh4 Ke5 51. Bg3+ Kd4 52. Bf2+
Ke4 53. Bg3 Kd4 54. Bd6 Ke3 55. Bf1 Bxg4 56. Kxa4 Be2 57. Bh3 Bf3 58. Kb4 Be4
59. Kc3 Kf3 60. Kd4 Bc6 61. Bf5 Kg2 62. Bf4 Bf3 63. Ke3 Bb7 64. Bg4 Bc6 65. Be2
Bb7 1/2-1/2

[Event "SR 3. liga A2 2008/2009"]
[Site "?"]
[Date "2008.11.30"]
[Round "3.5"]
[White "Jozefovic, Milan"]
[Black "Kubica, Adrian"]
[Result "1-0"]
[WhiteElo "1894"]
[BlackElo "1927"]
[PlyCount "61"]
[EventDate "2008.??.??"]

1. e4 e5 2. Nf3 Nf6 3. Nc3 Bb4 4. d3 Bxc3+ 5. bxc3 d6 6. Bg5 c5 7. Be2 O-O 8.
O-O Nbd7 9. d4 Qa5 10. dxe5 Nxe4 11. Be7 Re8 12. exd6 Qxc3 13. Bd3 Nef6 14. Re1
Nb6 15. Re3 Qb2 16. c4 Bd7 17. Re2 Qc3 18. Rc1 Qa3 19. Qd2 Ng4 20. h3 Nh6 21.
Re3 Kh8 22. Bxh7 Qa4 23. Bd3 Nf5 24. Re5 Nxe7 25. dxe7 f6 26. Rh5+ Kg8 27. Re1
Kf7 28. Qe2 Nc8 29. Ng5+ fxg5 30. Qf3+ Kg8 31. Qd5+ 1-0

[Event "SR 3. liga A2 2008/2009"]
[Site "?"]
[Date "2008.11.30"]
[Round "3.6"]
[White "Kosar, Mikulas ml"]
[Black "Husek, Lubomir"]
[Result "1-0"]
[WhiteElo "1891"]
[BlackElo "1738"]
[PlyCount "147"]
[EventDate "2008.??.??"]

1. e4 c5 2. d4 cxd4 3. Qxd4 Nc6 4. Qd3 d6 5. Nf3 Nf6 6. Nc3 e5 7. Bg5 Be7 8.
Be2 Bg4 9. Bxf6 Bxf6 10. O-O-O Bxf3 11. Bxf3 Nd4 12. Nb5 Nxb5 13. Qxb5+ Qd7 14.
Qd5 Be7 15. h4 O-O 16. Qxe5 Qc7 17. Qd5 Rac8 18. Qb3 b5 19. Bg4 Rb8 20. Rd5 a6
21. Kb1 Rb6 22. h5 Rc6 23. e5 Qb6 24. exd6 Bxd6 25. Qf3 Bc5 26. Rf5 Bd4 27. Rd1
Bf6 28. Rfd5 Rc4 29. h6 Rd4 30. R1xd4 Bxd4 31. hxg7 Bxg7 32. Rf5 Qd4 33. c3 Qd2
34. Rd5 Qe1+ 35. Rd1 Qe7 36. Bf5 Qf6 37. Rh1 h6 38. g4 b4 39. Kc2 bxc3 40. bxc3
Rc8 41. Rh3 Rd8 42. Qe4 Qb6 43. Re3 Rb8 44. Qb4 Qc7 45. Qa4 a5 46. Re8+ Rxe8
47. Qxe8+ Bf8 48. Qe4 Bg7 49. Qe3 Qc4 50. Qe8+ Bf8 51. Kb2 Qc5 52. Qe3 Qa3+ 53.
Kb1 Bg7 54. Qe8+ Bf8 55. Qc6 Bg7 56. Qc8+ Bf8 57. Qc4 Qe7 58. Be4 Qf6 59. f3 a4
60. Qd4 Qa6 61. Kc2 a3 62. Bd5 Qb5 63. c4 Qa4+ 64. Kc1 Bg7 65. Qd3 Qb4 66. Kd1
Qc5 67. Ke2 Qb4 68. Qf5 Qe7+ 69. Kf1 Bc3 70. Be4 Bg7 71. Qh7+ Kf8 72. Qf5 Qd8
73. Bd5 Qe8 74. Be4 1-0

[Event "SR 3. liga A2 2008/2009"]
[Site "?"]
[Date "2008.11.30"]
[Round "3.7"]
[White "Hrubos, Milan"]
[Black "Bott, Tamas"]
[Result "1-0"]
[WhiteElo "1713"]
[BlackElo "1807"]
[PlyCount "41"]
[EventDate "2008.??.??"]

1. e4 e5 2. Nf3 Nc6 3. Bb5 Bc5 4. O-O Nge7 5. c3 a6 6. Ba4 O-O 7. d4 Bd6 8.
Nbd2 b5 9. Bc2 Ng6 10. a4 b4 11. Nc4 bxc3 12. bxc3 exd4 13. cxd4 Bf4 14. Bxf4
Nxf4 15. Qd2 d5 16. Qxf4 dxc4 17. e5 f6 18. Qe4 Bb7 19. Qxh7+ Kf7 20. Bg6+ Ke6
21. d5+ 1-0

[Event "SR 3. liga A2 2008/2009"]
[Site "?"]
[Date "2008.11.30"]
[Round "3.8"]
[White "Kosar, Mikulas st"]
[Black "Holly, Milan"]
[Result "0-1"]
[WhiteElo "1862"]
[BlackElo "1799"]
[PlyCount "120"]
[EventDate "2008.??.??"]

1. e4 e6 2. d4 b6 3. e5 Bb7 4. Nf3 c5 5. c3 cxd4 6. cxd4 d5 7. Bb5+ Nc6 8. Qa4
Qc7 9. O-O a6 10. Be2 b5 11. Qd1 Nge7 12. b3 Nb4 13. a3 Nbc6 14. Bb2 Ng6 15.
Bd3 Be7 16. Nbd2 O-O 17. Rc1 Nf4 18. Bb1 Rac8 19. Qc2 g6 20. Rfe1 Qb6 21. g3
Na5 22. Qd1 Nh5 23. Rc2 b4 24. a4 Rxc2 25. Qxc2 Rc8 26. Qd3 Nc6 27. Rc1 a5 28.
Kg2 Ba6 29. Qe3 Ng7 30. Qh6 Qd8 31. Qe3 Qb6 32. Bd3 Na7 33. Rxc8+ Nxc8 34. Qe2
Bxd3 35. Qxd3 Na7 36. Nf1 Nf5 37. Ne3 Nxe3+ 38. Qxe3 Qd8 39. h4 h5 40. Qh6 Qf8
41. Bc1 Qxh6 42. Bxh6 Kh7 43. Be3 Kg7 44. Ng5 Nc6 45. f4 Bd8 46. Nf3 Ne7 47.
Ne1 Bb6 48. Nc2 Nf5 49. Bf2 Bd8 50. Kf3 Bb6 51. Bg1 Nh6 52. Bf2 Ng4 53. Bg1 f6
54. Ke2 fxe5 55. fxe5 Nxe5 56. Ke3 Kf6 57. Ne1 Kf5 58. Nf3 Nxf3 59. Kxf3 e5 60.
Bf2 Bxd4 0-1

[Event "SR 3. liga A2 2008/2009"]
[Site "?"]
[Date "2008.12.14"]
[Round "4.1"]
[White "Hecko, Dusan"]
[Black "Kovacocy, Pavel"]
[Result "0-1"]
[WhiteElo "2160"]
[BlackElo "2232"]
[PlyCount "147"]
[EventDate "2008.??.??"]

1. c4 f5 2. d4 g6 3. Nc3 Nf6 4. g3 Bg7 5. Bg2 O-O 6. Nf3 d6 7. O-O Qe8 8. Bf4
Na6 9. Qd2 c5 10. Bh6 Qf7 11. Bxg7 Kxg7 12. b3 h6 13. Rad1 g5 14. Qb2 Kh7 15.
e3 Rb8 16. Nb5 Bd7 17. Nxa7 cxd4 18. Nxd4 Nc5 19. Nab5 f4 20. exf4 gxf4 21. Nc3
e5 22. Ndb5 Qh5 23. f3 Rg8 24. Qf2 Rg6 25. Nxd6 fxg3 26. hxg3 Rbg8 27. Nde4
Ncxe4 28. Nxe4 Bc6 29. Nxf6+ Rxf6 30. g4 Qf7 31. Qe2 Rg5 32. Rf2 h5 33. c5 Rf4
34. Rd6 Qg7 35. Qc2+ e4 36. gxh5 Rxh5 37. Kf1 Bb5+ 38. Ke1 Qg3 39. Kd1 Rh1+ 40.
Bxh1 Qg1+ 41. Kd2 Qxf2+ 42. Kc1 Qxc2+ 43. Kxc2 exf3 44. Rb6 Bc6 45. Bxf3 Rxf3
46. b4 Rf2+ 47. Kc3 Rxa2 48. b5 Be4 49. c6 bxc6 50. bxc6 Rc2+ 51. Kd4 Bxc6 52.
Rb4 Kg6 53. Kd3 Rc5 54. Rf4 Kg5 55. Rf8 Bd7 56. Kd4 Rc1 57. Rf2 Bf5 58. Ke5
Re1+ 59. Kd4 Kf6 60. Rf4 Rd1+ 61. Ke3 Ke5 62. Rb4 Rd3+ 63. Ke2 Be4 64. Rb8 Ra3
65. Re8+ Kd4 66. Rd8+ Bd5 67. Kf2 Rf3+ 68. Ke2 Rf5 69. Rd7 Rg5 70. Re7 Rg2+ 71.
Kf1 Ra2 72. Re1 Be4 73. Kg1 Ke5 74. Kf1 {
U# len blesková èas partie a# do 92. ahu ïalej nezapisovaná.} 0-1

[Event "SR 3. liga A2 2008/2009"]
[Site "?"]
[Date "2008.12.14"]
[Round "4.2"]
[White "Cechovic, Stefan"]
[Black "Hanzluvka, Peter"]
[Result "1/2-1/2"]
[WhiteElo "2186"]
[BlackElo "2038"]
[PlyCount "63"]
[EventDate "2008.??.??"]

1. Nf3 c5 2. c4 Nc6 3. d4 cxd4 4. Nxd4 Nf6 5. Nc3 d6 6. g3 Qb6 7. e3 Bg4 8. f3
Bd7 9. Bg2 g6 10. O-O Bg7 11. Kh1 O-O 12. b3 a6 13. Bb2 Rac8 14. Qe2 Rfe8 15.
Rfd1 Qc7 16. Rac1 Qa5 17. Nxc6 Rxc6 18. e4 e6 19. Ba1 b5 20. f4 bxc4 21. bxc4
e5 22. fxe5 Bg4 23. Bf3 Bxf3+ 24. Qxf3 dxe5 25. Nd5 Nxd5 26. exd5 Rc5 27. Qe2
Qb4 28. Rd2 Bh6 29. Rb2 Qa3 30. Rcc2 Qe3 31. Qxe3 Bxe3 32. Rb3 1/2-1/2

[Event "SR 3. liga A2 2008/2009"]
[Site "?"]
[Date "2008.12.14"]
[Round "4.3"]
[White "Diviak, Rudolf"]
[Black "Liptak, Tomas"]
[Result "0-1"]
[WhiteElo "1894"]
[BlackElo "2021"]
[PlyCount "98"]
[EventDate "2008.??.??"]

1. e4 c5 2. Nf3 d6 3. d4 cxd4 4. Nxd4 Nf6 5. Nc3 a6 6. f3 e5 7. Nde2 Be7 8. Bg5
Be6 9. Bxf6 Bxf6 10. Nd5 Bg5 11. Nec3 Nc6 12. Bc4 O-O 13. O-O b5 14. Bb3 Rc8
15. Qd3 Na5 16. Rad1 Nc4 17. Bxc4 Rxc4 18. a3 Qb8 19. Kh1 Rfc8 20. Qe2 Qb7 21.
Qf2 Bxd5 22. Rxd5 b4 23. axb4 Qxb4 24. f4 Bf6 25. fxe5 dxe5 26. Rxe5 Bxe5 27.
Qxf7+ Kh8 28. Nd5 Qd6 29. Ne7 Bf6 30. Nxc8 Rxc8 31. b3 Qe7 32. Qd5 Re8 33. Re1
Be5 34. Rf1 Bf6 35. Re1 Qe6 36. Qb7 Be5 37. Rf1 Qh6 38. h3 Qe6 39. c4 Bd6 40.
Qd5 Qe5 41. Qxe5 Rxe5 42. Rd1 Be7 43. Kg1 Kg8 44. Re1 Bb4 45. Re2 Kf7 46. Kf2
Ke6 47. Kf3 Ra5 48. Re3 Ra2 49. Rd3 Rd2 0-1

[Event "SR 3. liga A2 2008/2009"]
[Site "?"]
[Date "2008.12.14"]
[Round "4.4"]
[White "Liptak, Dusan"]
[Black "Danada, Ondrej"]
[Result "1/2-1/2"]
[WhiteElo "1927"]
[BlackElo "1891"]
[PlyCount "64"]
[EventDate "2008.??.??"]

1. Nf3 Nf6 2. c4 Nc6 3. Nc3 e5 4. d3 h6 5. g3 Bc5 6. Bg2 O-O 7. a3 a5 8. O-O d5
9. cxd5 Nxd5 10. Nd2 Be6 11. Nb3 Bb6 12. Na4 Nd4 13. Nbc5 Bg4 14. Re1 Qd6 15.
Nxb6 cxb6 16. Na4 b5 17. Nc3 Nxc3 18. bxc3 Nc6 19. Qb3 b4 20. axb4 axb4 21.
Rxa8 Rxa8 22. cxb4 Qxb4 23. Qxb4 Nxb4 24. Bb2 Nc2 25. Rc1 Nd4 26. Bxd4 exd4 27.
e3 dxe3 28. fxe3 Rb8 29. h3 Be6 30. Rb1 b5 31. Rb4 Kf8 32. Bf1 Ke7 $11 1/2-1/2

[Event "SR 3. liga A2 2008/2009"]
[Site "?"]
[Date "2008.12.14"]
[Round "4.5"]
[White "Pagerka, Slavomir"]
[Black "Vlkovic, Pavol"]
[Result "0-1"]
[WhiteElo "1848"]
[BlackElo "1934"]
[PlyCount "109"]
[EventDate "2008.??.??"]

1. e4 e5 2. Nf3 Nc6 3. d4 exd4 4. Nxd4 Bc5 5. Be3 Nxd4 6. Bxd4 Bxd4 7. Qxd4 Qf6
8. c3 Qg6 9. Nd2 Ne7 10. h3 O-O 11. O-O-O Nc6 12. Qd3 Ne5 13. Qc2 d6 14. f4 Nd7
15. g4 Re8 16. Bd3 Nc5 17. f5 Qg5 18. Rdf1 b6 19. b4 Nxd3+ 20. Qxd3 a5 21. b5
a4 22. f6 gxf6 23. Qd4 Qe5 24. Rxf6 Qxd4 25. cxd4 Bd7 26. Rhf1 Re7 27. e5 dxe5
28. dxe5 Bxb5 29. R1f2 Rf8 30. Nf3 Bc4 31. Rc2 Bd5 32. a3 Kg7 33. Rf5 h6 34.
Nh4 Be6 35. Rh5 Kh7 36. Rf2 Rg8 37. Rf6 Kg7 38. Rfxh6 Rd7 39. Rf6 Kf8 40. Rf3
Bb3 41. Rf2 Rd3 42. Ng2 Rg6 43. Nf4 Rc6+ 44. Kb2 Rd1 45. e6 Bxe6 46. Nxe6+ Rxe6
47. Rhf5 Rd7 48. R2f3 Rde7 49. R3f4 Re2+ 50. Kc3 c5 51. Rd5 R7e3+ 52. Rd3 b5
53. Rf5 Rxd3+ 54. Kxd3 Ra2 55. Rxc5 0-1

[Event "SR 3. liga A2 2008/2009"]
[Site "?"]
[Date "2008.12.14"]
[Round "4.6"]
[White "Hornak, Pavol"]
[Black "Skapik, Branislav"]
[Result "0-1"]
[WhiteElo "1743"]
[BlackElo "1823"]
[PlyCount "54"]
[EventDate "2008.??.??"]

1. d4 e6 2. c4 Nf6 3. Nf3 b6 4. Nc3 Bb7 5. Bg5 h6 6. Bd2 Be7 7. e3 O-O 8. Bd3
d5 9. O-O Nbd7 10. cxd5 exd5 11. Qe2 Ne4 12. Be1 f5 13. Qc2 c5 14. b3 Rc8 15.
Rc1 Bd6 16. Nd2 cxd4 17. Bxe4 Rxc3 18. Bxd5+ Bxd5 19. Qb2 Qc7 20. Nc4 Rxc1 21.
Qxc1 Bxh2+ 22. Kh1 b5 23. Ba5 Qb8 24. Nb2 Ne5 25. exd4 Nf3 26. Qc5 Be4 27. Nd1
Bg1 0-1

[Event "SR 3. liga A2 2008/2009"]
[Site "?"]
[Date "2008.12.14"]
[Round "4.7"]
[White "Pericka, Pavol"]
[Black "Olos, Stanislav"]
[Result "1-0"]
[WhiteElo "1735"]
[BlackElo "1587"]
[PlyCount "74"]
[EventDate "2008.??.??"]

1. e4 e5 2. Nf3 Nc6 3. Bc4 Be7 4. Nc3 Nf6 5. d3 d6 6. h3 O-O 7. Bg5 Na5 8. Bb3
Nxb3 9. axb3 Be6 10. O-O h6 11. Be3 a6 12. Nh2 d5 13. exd5 Nxd5 14. Nxd5 Qxd5
15. Qh5 e4 16. Qxd5 Bxd5 17. Ra5 b5 18. c4 Bb4 19. Ra2 Bb7 20. d4 Be7 21. Re1
f5 22. Bf4 c6 23. f3 Bb4 24. Re2 Rad8 25. Be5 exf3 26. Nxf3 Rde8 27. Ra1 Be7
28. Rae1 Bb4 29. Ra1 Be7 30. Ne1 Bg5 31. Nd3 f4 32. Nc5 Bc8 33. Nxa6 f3 34.
gxf3 Rxf3 35. Nc7 Ref8 36. Bd6 Be3+ 37. Rxe3 Rxe3 1-0

[Event "SR 3. liga A2 2008/2009"]
[Site "?"]
[Date "2008.12.14"]
[Round "4.1"]
[White "Hudacek, Josef"]
[Black "Mihalik, Marek"]
[Result "1/2-1/2"]
[WhiteElo "2065"]
[BlackElo "2098"]
[PlyCount "77"]
[EventDate "2008.??.??"]

1. e4 c5 2. Ne2 d6 3. g3 g6 4. Bg2 Bg7 5. O-O Nc6 6. c3 e5 7. d3 Nge7 8. Nd2
O-O 9. f4 Rb8 10. a4 a6 11. h3 b5 12. axb5 axb5 13. f5 f6 14. g4 b4 15. Nf3
bxc3 16. bxc3 Na5 17. d4 cxd4 18. cxd4 Ba6 19. Re1 Bxe2 20. Rxe2 Nb3 21. Ra3
Nxc1 22. Qxc1 Rb7 23. h4 Qb8 24. Kh2 Rc8 25. Qd2 Rb4 26. Ra8 Qxa8 27. Qxb4 Qb8
28. Qa3 Qc7 29. Ra2 $11 gxf5 30. gxf5 d5 31. exd5 Nxf5 32. dxe5 fxe5 33. Qa7
e4+ 34. Qxc7 Rxc7 35. Ra8+ Kf7 36. Ng5+ Ke7 37. Nxe4 Be5+ 38. Kh3 Ne3 39. d6+
$11 1/2-1/2

[Event "SR 3. liga A2 2008/2009"]
[Site "?"]
[Date "2008.12.14"]
[Round "4.2"]
[White "Manak, Jozef"]
[Black "Kapusta, Petr"]
[Result "0-1"]
[WhiteElo "2009"]
[BlackElo "2084"]
[PlyCount "68"]
[EventDate "2008.??.??"]

1. e4 c5 2. Nf3 d6 3. d4 cxd4 4. Nxd4 Nf6 5. Bd3 Nc6 6. Nb3 e6 7. O-O Be7 8.
Be3 O-O 9. c4 Ne5 10. Nc3 Bd7 11. f3 Rc8 12. Qe2 a6 13. Nd2 Qa5 14. Rfc1 Rfd8
15. a4 Bc6 16. b4 Qc7 17. a5 Nxd3 18. Qxd3 d5 19. Bb6 Qf4 20. Bxd8 dxe4 21.
Ndxe4 Rxd8 22. Qe2 Bxb4 23. Nxf6+ gxf6 24. Ne4 f5 25. Nf6+ Kf8 26. Nh5 Qg5 27.
f4 Bc5+ 28. Kh1 Bxg2+ 29. Qxg2 Qxh5 30. Qxb7 Rd2 31. Qc8+ Kg7 32. Rg1+ Bxg1 33.
Rxg1+ Kf6 34. Qh8+ Ke7 0-1

[Event "SR 3. liga A2 2008/2009"]
[Site "?"]
[Date "2008.12.14"]
[Round "4.3"]
[White "Kubis, Ivan"]
[Black "Gono, Michal"]
[Result "0-1"]
[WhiteElo "2042"]
[BlackElo "1854"]
[PlyCount "56"]
[EventDate "2008.??.??"]

1. e4 c6 2. d4 d5 3. Nc3 dxe4 4. Nxe4 Bf5 5. Ng3 Bg6 6. h4 h6 7. Nf3 Nd7 8. h5
Bh7 9. Bd3 Bxd3 10. Qxd3 e6 11. Bd2 Qc7 12. O-O-O Ngf6 13. Ne4 O-O-O 14. g3 Nc5
15. Nxc5 Bxc5 16. Rh4 Bd6 17. Kb1 Rhe8 18. Qb3 Qb6 19. Qxb6 axb6 20. c4 e5 21.
Be3 exd4 22. Rhxd4 Bc7 23. Nh4 Rxd4 24. Bxd4 Nxh5 25. Nf5 Re2 26. Be3 Be5 27.
Bxb6 Rxb2+ 28. Kc1 Rxb6 0-1

[Event "SR 3. liga A2 2008/2009"]
[Site "?"]
[Date "2008.12.14"]
[Round "4.4"]
[White "Mihalik, Anton"]
[Black "Londin, Martin"]
[Result "0-1"]
[WhiteElo "1959"]
[BlackElo "1996"]
[PlyCount "84"]
[EventDate "2008.??.??"]

1. e4 e5 2. Bc4 Nc6 3. d3 Nf6 4. c3 Na5 5. Bb5 a6 6. Ba4 b5 7. Bc2 c5 8. Nf3
Nc6 9. O-O d6 10. h3 g6 11. Re1 Bg7 12. Nbd2 O-O 13. Nf1 d5 14. Bg5 d4 15. Qd2
Qd6 16. Ng3 Kh8 17. Bh6 Ng8 18. Bxg7+ Kxg7 19. Qe2 Nd8 20. Bb3 Be6 21. Bxe6
Nxe6 22. Nh2 Nf4 23. Qg4 Nh6 24. Nf5+ Nxf5 25. exf5 Nxd3 26. Re2 Qf6 27. cxd4
exd4 28. fxg6 Qxg6 29. Qf3 Rfe8 30. Rd2 Ne5 31. Qd5 Qc6 32. Qb3 Re6 33. f4 Nc4
34. Rf2 Re3 35. Qd1 Rae8 36. Nf3 f6 37. b3 Nd6 38. Rc1 Ne4 39. Rb2 Nc3 40. Qf1
Qe4 41. Nd2 Qg6 42. Kh1 Ne2 0-1

[Event "SR 3. liga A2 2008/2009"]
[Site "?"]
[Date "2008.12.14"]
[Round "4.5"]
[White "Pekar, Tibor"]
[Black "Curidlo, Jan"]
[Result "1/2-1/2"]
[WhiteElo "1978"]
[BlackElo "1979"]
[PlyCount "39"]
[EventDate "2008.??.??"]

1. e4 c5 2. Nf3 d6 3. d4 cxd4 4. Nxd4 Nf6 5. Nc3 a6 6. Be2 e6 7. O-O Be7 8. Kh1
Qc7 9. f4 b5 10. a3 Bb7 11. Bf3 Nbd7 12. Nde2 O-O 13. Ng3 Rac8 14. Qe2 Rfe8 15.
Rd1 h6 16. Be3 Nc5 17. Rd2 Ncd7 18. Rad1 Nb6 19. Bxb6 Qxb6 20. Na2 1/2-1/2

[Event "SR 3. liga A2 2008/2009"]
[Site "?"]
[Date "2008.12.14"]
[Round "4.6"]
[White "Bincik, Pavol"]
[Black "Vepy, Ivan"]
[Result "0-1"]
[WhiteElo "1890"]
[BlackElo "1941"]
[PlyCount "116"]
[EventDate "2008.??.??"]

1. d4 Nf6 2. c4 e6 3. Nc3 d5 4. Bg5 Be7 5. e3 O-O 6. Nf3 b6 7. cxd5 exd5 8. Ne5
Bb7 9. Bd3 Nbd7 10. Nxd7 Qxd7 11. O-O h6 12. Bh4 Ne4 13. Bxe7 Qxe7 14. Nxe4
dxe4 15. Bc4 c5 16. dxc5 Rad8 17. Qa4 Qxc5 18. Qxa7 Bc8 19. Qa4 Qg5 20. Rfd1
Bh3 21. Bf1 Rde8 22. Qb5 Re5 23. Qxb6 Qg4 24. Qc7 Rg5 25. Qg3 Qh5 26. Qc7 Bxg2
27. Bxg2 Qf3 28. Kf1 Qxg2+ 29. Ke2 Qf3+ 30. Kf1 Qh1+ 31. Ke2 $11 Qf3+ 32. Kf1
Qh3+ 33. Ke2 Rc8 34. Rd8+ Rxd8 35. Qxd8+ Kh7 36. Rf1 Qh5+ 37. f3 exf3+ 38. Ke1
Rd5 39. Qc7 f2+ 40. Kxf2 Rd2+ 41. Kg1 Rxb2 42. a4 Ra2 43. Qf4 Qg6+ 44. Qg3 Rxa4
45. Qxg6+ Kxg6 46. Kg2 f5 47. h3 $11 Kg5 48. Kf3 Kh4 49. Rb1 g5 50. Re1 h5 51.
Rd1 g4+ 52. hxg4 fxg4+ 53. Kg2 Ra2+ 54. Kg1 Kg3 55. Re1 h4 56. e4 h3 57. e5 h2+
58. Kh1 Kh3 0-1

[Event "SR 3. liga A2 2008/2009"]
[Site "?"]
[Date "2008.12.14"]
[Round "4.7"]
[White "Hrubsa, Marian"]
[Black "Slaby, Jozef"]
[Result "1/2-1/2"]
[WhiteElo "1909"]
[BlackElo "1930"]
[PlyCount "37"]
[EventDate "2008.??.??"]

1. e4 e6 2. d4 d5 3. Nd2 Nf6 4. e5 Nfd7 5. Bd3 c5 6. c3 Nc6 7. Ne2 Nb6 8. O-O
Bd7 9. f4 g6 10. Nf3 Rc8 11. Be3 cxd4 12. Nexd4 a6 13. Qe2 Na5 14. Kh1 Nac4 15.
Bf2 Be7 16. b3 Na5 17. Qd2 Qc7 18. Rac1 Nc6 19. Qe1 $11 1/2-1/2

[Event "SR 3. liga A2 2008/2009"]
[Site "?"]
[Date "2008.12.14"]
[Round "4.8"]
[White "Manak, Adrian"]
[Black "Harasta, Juraj"]
[Result "0-1"]
[WhiteElo "1637"]
[BlackElo "1628"]
[PlyCount "49"]
[EventDate "2008.??.??"]

1. d4 d5 2. c4 e6 3. Nf3 Nf6 4. Bg5 Nbd7 5. Nc3 c6 6. e3 Bd6 7. Bd3 O-O 8. Qc2
h6 9. h4 Re8 10. O-O-O hxg5 11. hxg5 Ne4 12. Nxe4 dxe4 13. Bxe4 f5 14. gxf6
Qxf6 15. g4 Nf8 16. g5 Qd8 17. g6 Nd7 18. Rh7 Nf6 19. Ng5 Qd7 20. Rdh1 Nxh7 21.
Nf7 Kf8 22. Nxd6 Nf6 23. Nxe8 Kxe8 24. Rh8+ Ke7 25. Bf3 0-1

[Event "SR 3. liga A2 2008/2009"]
[Site "?"]
[Date "2008.12.14"]
[Round "4.1"]
[White "Peska, Juraj"]
[Black "Sekera, Branislav"]
[Result "0-1"]
[WhiteElo "1960"]
[BlackElo "2138"]
[PlyCount "102"]
[EventDate "2008.??.??"]

1. c4 Nf6 2. Nc3 e5 3. g3 g6 4. Bg2 Bg7 5. d3 O-O 6. Nf3 d6 7. O-O c6 8. Bd2 h6
9. b4 Kh7 10. a4 Nbd7 11. Rb1 Ne8 12. b5 Qc7 13. Ne1 f5 14. Nc2 c5 15. Ne3 Qd8
16. Ned5 Rb8 17. Qb3 Nef6 18. b6 a6 19. a5 Rf7 20. Nc7 Nf8 21. N3d5 Nh5 22. f4
exf4 23. Nxf4 Nf6 24. Bc3 Ng4 25. Bxg7 Rxg7 26. Nfd5 Ne6 27. Qb2 Nd4 28. Qd2
Bd7 29. e3 Nc6 30. Rbe1 Qg5 31. Nf4 Qf6 32. Ncd5 Qe5 33. Rd1 Rf7 34. d4 cxd4
35. exd4 Qg7 36. Rfe1 Re8 37. Rxe8 Bxe8 38. Ne6 Qh8 39. Ndc7 Bd7 40. d5 Nce5
41. Qd4 Nf6 42. c5 Ne4 43. cxd6 Nxd6 44. Nc5 Bb5 45. Qb4 Qf6 46. N5e6 Be2 47.
Rb1 Ne4 48. d6 Bf3 49. Qd4 Bxg2 50. Kxg2 Rd7 51. Rd1 Rxd6 0-1

[Event "SR 3. liga A2 2008/2009"]
[Site "?"]
[Date "2008.12.14"]
[Round "4.2"]
[White "Sturdik, Igor"]
[Black "Gajarsky, Roman"]
[Result "1-0"]
[WhiteElo "2022"]
[BlackElo "1943"]
[PlyCount "31"]
[EventDate "2008.??.??"]

1. e4 e5 2. Nf3 Nc6 3. d4 exd4 4. Bc4 Be7 5. Nxd4 d6 6. Nc3 Be6 7. Nxe6 fxe6 8.
Bxe6 Nf6 9. O-O Ne5 10. Bg5 c6 11. Qe2 h6 12. Bxf6 Bxf6 13. f4 Nf7 14. e5 Be7
15. Qh5 O-O 16. Qg6 1-0

[Event "SR 3. liga A2 2008/2009"]
[Site "?"]
[Date "2008.12.14"]
[Round "4.3"]
[White "Kollarik, Gorazd"]
[Black "Lukac, Tomas"]
[Result "1/2-1/2"]
[WhiteElo "1941"]
[BlackElo "1824"]
[PlyCount "53"]
[EventDate "2008.??.??"]

1. e4 e6 2. d4 d5 3. Nd2 Nf6 4. e5 Nfd7 5. Ngf3 c5 6. c3 Nc6 7. Bb5 Qb6 8. Bxc6
bxc6 9. O-O Ba6 10. Re1 cxd4 11. cxd4 c5 12. Nb3 c4 13. Nbd2 Bb4 14. Re3 Nb8
15. Nb1 Nc6 16. Nc3 Be7 17. a3 Rb8 18. h3 O-O 19. Na4 Qc7 20. Qc2 Bb5 21. Nc3
Qb6 22. Nxb5 Qxb5 23. Rb1 Qb6 24. Qd1 Na5 25. Bd2 Nb3 26. Bc3 Na5 27. Bxa5 $11
1/2-1/2

[Event "SR 3. liga A2 2008/2009"]
[Site "?"]
[Date "2008.12.14"]
[Round "4.4"]
[White "Lopatievov, Alexander"]
[Black "Slamka, Michal"]
[Result "1/2-1/2"]
[WhiteElo "2020"]
[BlackElo "1734"]
[PlyCount "111"]
[EventDate "2008.??.??"]

1. c4 e6 2. Nf3 Nf6 3. Nc3 b6 4. d4 Bb7 5. Bg5 Be7 6. d5 h6 7. Bh4 d6 8. e3
Nbd7 9. Be2 e5 10. Bxf6 Nxf6 11. b4 O-O 12. a4 a5 13. b5 Nd7 14. Nd2 Nc5 15.
O-O f5 16. e4 f4 17. Nb3 Nxb3 18. Qxb3 Bc8 19. Qd1 Qe8 20. Bg4 Qg6 21. h3 Bxg4
$11 22. Qxg4 Qxg4 23. hxg4 Bg5 24. Rad1 Kh7 25. Rd3 Rf7 26. Rh3 Raf8 27. Rf3
Be7 28. Rd1 g5 29. Rdd3 Kg6 30. Rh3 Rg7 31. Rh5 Rh8 32. Nb1 Rf7 33. Nd2 Rfh7
34. Rdh3 Bf6 35. Rd3 Be7 $11 36. g3 Rf7 37. Kg2 fxg3 38. Kxg3 Rf4 39. Rf3 Rhf8
40. Rh1 Rxf3+ 41. Nxf3 Rf4 42. Nd2 Kg7 43. f3 Rf8 44. Nf1 Rh8 45. Ne3 Kg6 46.
Nf5 Bf8 47. Rh5 Rh7 48. Kf2 Rf7 49. Rh1 Rh7 50. Ne3 Rf7 51. Rd1 Rh7 52. Nf5 Rd7
53. Ne3 Rh7 54. c5 dxc5 55. Nf5 Bd6 56. Ng3 $11 1/2-1/2

[Event "SR 3. liga A2 2008/2009"]
[Site "?"]
[Date "2008.12.14"]
[Round "4.5"]
[White "Barca, Michal"]
[Black "Kozinka, Roman"]
[Result "0-1"]
[WhiteElo "1783"]
[BlackElo "2012"]
[PlyCount "60"]
[EventDate "2008.??.??"]

1. c4 Nf6 2. Nc3 g6 3. d4 d5 4. cxd5 Nxd5 5. e4 Nxc3 6. bxc3 Bg7 7. Bf4 O-O 8.
Bc4 c5 9. Ne2 cxd4 10. cxd4 Nc6 11. e5 b6 12. O-O e6 13. Qd2 Bb7 14. Rfd1 Na5
15. Bb5 Qd5 16. f3 Qxb5 17. Ng3 Rfd8 18. h4 Rd7 19. h5 Rad8 20. h6 Bf8 21. Ne2
Ba6 22. Bg5 Qxe2 23. Qf4 Rxd4 24. Rxd4 Rxd4 25. Qc1 Qxe5 26. Rb1 Bc5 27. Kh1
Qf5 28. Be3 Qxb1 29. Qxb1 Rh4+ 30. Kg1 Bxe3# 0-1

[Event "SR 3. liga A2 2008/2009"]
[Site "?"]
[Date "2008.12.14"]
[Round "4.6"]
[White "Zarecky, Eduard"]
[Black "Filip, Frantisek"]
[Result "1-0"]
[WhiteElo "1948"]
[BlackElo "1853"]
[PlyCount "57"]
[EventDate "2008.??.??"]

1. d4 Nf6 2. c4 e6 3. Nc3 h6 4. e4 Bb4 5. Qc2 c5 6. d5 d6 7. Bd2 a6 8. Nf3 Nbd7
9. Bd3 e5 10. O-O Nf8 11. a3 Bxc3 12. Bxc3 Ng6 13. Rfe1 O-O 14. b4 b6 15. a4
Qd7 16. a5 b5 17. bxc5 dxc5 18. Nxe5 Nxe5 19. Bxe5 Ng4 20. Bb2 f6 21. f4 h5 22.
h3 Nh6 23. Re3 b4 24. Rf1 Qd8 25. e5 f5 26. e6 Ra7 27. Qe2 Re7 28. Qxh5 Bxe6
29. dxe6 1-0